| 000 | 00476nam a2200181Ia 4500 | ||
|---|---|---|---|
| 008 | 221030s9999 xx 000 0 und d | ||
| 020 | _a8131500802 | ||
| 041 | _aEnglish | ||
| 082 | _a105.23 | ||
| 100 | _aJ. W. Satzinger | ||
| 245 | 0 |
_aSystem Analysis & Design in a Changing World _cby J. W. Satzinger, R. B. Jackson |
|
| 250 | _a4th | ||
| 260 |
_bThomson Learning _aSingapore _c2007 |
||
| 300 | _a672 | ||
| 650 | _aBE Computer | ||
| 700 | _aR. B. Jackson | ||
| 942 | _cBK | ||
| 999 |
_c5477 _d5477 |
||